Whose files are they anyway? (Record no. 122191)
[ view plain ]
| 000 -LEADER | |
|---|---|
| fixed length control field | 00800cam a22001695a 4500 |
| 008 - FIXED-LENGTH DATA ELEMENTS--GENERAL INFORMATION | |
| fixed length control field | 250702t2003 |
| 041 ## - LANGUAGE CODE | |
| Language code of text/sound track or separate title | eng |
| 110 ## - MAIN ENTRY--CORPORATE NAME | |
| Corporate name or jurisdiction name as entry element | Royal Institution of Chartered Surveyors |
| 9 (RLIN) | 4900 |
| Subordinate unit | Professional Regulation and Consumer Protection |
| 245 ## - TITLE STATEMENT | |
| Title | Whose files are they anyway? |
| Medium | [archived] |
| 260 ## - PUBLICATION, DISTRIBUTION, ETC. | |
| Place of publication, distribution, etc. | London |
| Name of publisher, distributor, etc. | RICS |
| Date of publication, distribution, etc. | 2003 |
| 300 ## - PHYSICAL DESCRIPTION | |
| Extent | 5p |
| Dimensions | 30cm |
| 520 ## - SUMMARY, ETC. | |
| Summary, etc. | Outlines RICS guidelines on client file retention and advice on records management for chartered surveying firms. |
| 520 ## - SUMMARY, ETC. | |
| Summary, etc. | Replaced by subsequent editions and most recently guidance on RICS.org at https://www.rics.org/profession-standards/rics-standards-and-guidance/conduct-competence/client-relationships-and-handling-data |
| 651 #4 - SUBJECT ADDED ENTRY--GEOGRAPHIC NAME | |
| Geographic name | International |
| 690 ## - LOCAL SUBJECT ADDED ENTRY--TOPICAL TERM (OCLC, RLIN) | |
| Topical term or geographic name as entry element | Business and management |
| 942 ## - ADDED ENTRY ELEMENTS (KOHA) | |
| Suppress in OPAC | 0 |
| Source of classification or shelving scheme | Dewey Decimal Classification |
| Withdrawn status | Lost status | Damaged status | Not for loan | Home library | Current library | Shelving location | Date acquired | Total Checkouts | Full call number | Date last seen | Price effective from | Koha item type |
|---|---|---|---|---|---|---|---|---|---|---|---|---|
| Archives | Archives | RICS Boxes | 02/07/2025 | RICS 2003/60 | 02/07/2025 | 02/07/2025 | Book |